Entreprises par images n°4 - Statistiques

Statistiques générales
  • Ce quiz a été pris 265 fois
  • Le résultat moyen est 8 sur 12
Statistiques - réponses
Par images Réponse % Correct
Carrefour
99%
Total
97%
Citroën
96%
Sony
86%
Bose
82%
Swatch
76%
Kapla
71%
Babolat
56%
Warner Bros.
50%
Havaianas
44%
Funko
22%
Remington
10%
Aucun quiz correspondant
Distribution des résultats
% des personnes avec chaque résultat
Percentile par nombre de réponses
Votre historique - résultats
Vous n’avez pas pris ce quiz